000 00387nam a2200133Ia 4500
008 210210b1981 xxu||||| |||| 00| 0 eng d
082 _a305 DSOI
100 _aD'SOUZA (Victor S).
245 _aInequality and its perpetuation. a theory of social stratification.
260 _aNew Delhi.
_bManohar Publications.,
_c1981
300 _ax,190
690 _aSocial Structure
906 _a038125
999 _c88177
_d88177